[Event "WchT 2nd"]
[Site "Luzern"]
[Date "1989.??.??"]
[Round "7.1"]
[White "Hamdouchi, Hicham"]
[Black "Fedorowicz, John P"]
[Result "1-0"]
[WhiteElo "2385"]
[BlackElo "2560"]
[Annotator "Horn,Pe"]
[PlyCount "101"]
[EventDate "1989.10.27"]
[EventType "team-tourn"]
[EventRounds "9"]
[EventCountry "SUI"]
[SourceTitle "CBM 016"]
[Source "ChessBase"]
[SourceDate "1990.06.01"]
[SourceVersion "1"]
[SourceVersionDate "1990.06.01"]
[SourceQuality "1"]
[WhiteTeam "Africa"]
[BlackTeam "US of America"]
[BlackTeamCountry "USA"]

1. Nf3 Nf6 2. g3 g6 3. Bg2 Bg7 4. O-O O-O 5. d3 d6 6. e4 c5 7. e5 {N} (7. Nc3 {
-> B25}) (7. c3 Nc6) 7... dxe5 8. Nxe5 Nfd7 9. Nxd7 Qxd7 10. Nc3 Nc6 11. Re1 b6
12. Bg5 Bb7 13. Qf3 $6 (13. Bxc6 $4 Qxc6 $19) 13... Rab8 14. Qf4 f6 15. Qc4+
Kh8 16. Be3 Ne5 $5 (16... e5 {/\ Nd4=/+} 17. Qb5 Rfd8) 17. Qb5 Qc8 18. d4 Nf3+
19. Bxf3 Bxf3 20. Bf4 Rb7 21. Qd3 $2 (21. d5 Qf5) 21... Bg4 $2 (21... Bc6 $2
22. d5 Rd8 23. dxc6 Rxd3 24. cxb7 Qxb7 25. cxd3 $16) (21... cxd4 $1 22. Qxf3 (
22. Nb5 Bg4 $17) 22... dxc3 $17) 22. d5 Bf5 $2 (22... e5 23. dxe6 Bxe6 24. Ne4
Rd7) 23. Qe2 $14 g5 24. Be3 Bg6 25. a4 Qf5 26. Rac1 h6 27. f4 Qh3 28. Qg2 Qd7
29. Rcd1 a6 30. Rd2 Rc8 31. Qf2 Rbc7 32. Rf1 $16 Qf5 $4 33. Qe2 $18 {
Doppelangriff gegen a6 und g5} g4 34. Qxa6 Rb8 35. Qc4 Rd7 36. Bf2 Bf7 37. Rdd1
Rbd8 38. a5 bxa5 39. Qxc5 Rb7 40. Qxa5 Rc8 41. Qa3 h5 42. Bc5 Bf8 43. b4 h4 44.
Ne2 Bg6 45. Qe3 Qh5 46. c4 hxg3 47. Nxg3 Qh7 48. Qe6 Ra8 49. f5 Bf7 50. Qe4
Rab8 51. b5 1-0

[Event "Belgrade Investbank"]
[Site "Belgrade"]
[Date "1989.11.??"]
[Round "7"]
[White "Damljanovic, Branko"]
[Black "Agdestein, Simen"]
[Result "0-1"]
[WhiteElo "2555"]
[BlackElo "2605"]
[Annotator "Horn,Pe"]
[PlyCount "98"]
[EventDate "1989.11.??"]
[EventType "tourn"]
[EventRounds "11"]
[EventCountry "YUG"]
[EventCategory "15"]
[SourceTitle "CBM 016"]
[Source "ChessBase"]
[SourceDate "1990.06.01"]
[SourceVersion "1"]
[SourceVersionDate "1990.06.01"]
[SourceQuality "1"]

1. Nf3 e6 2. g3 b5 3. Bg2 Bb7 4. O-O Nf6 5. b3 (5. d3 $5 d5) (5. d4 c5 $10) (5.
c3 $5 {/\ Qb3} c5 6. Qb3 Bc6 7. d3 d6 8. Bg5 Be7 9. Nfd2 Bxg2 10. Kxg2 a6 11.
Bxf6 Bxf6 12. a4 $14 {Gutman-Grünfeld, Beer-Sheva 85}) 5... Be7 6. c4 bxc4 7.
bxc4 c5 8. d3 $10 (8. Nc3 $5 O-O 9. Rb1 Bc6 10. Bb2 d6 11. e3 Nbd7 12. d4 Nb6
13. Qe2 (13. dxc5 $6 Nxc4 14. cxd6 Bxd6 15. Ba1 Rc8 16. Qe2 Na3 $15 {Kochiev-G.
Garcia, Leningrad 1977}) 13... cxd4 14. exd4 Rc8 15. d5 exd5 16. Nd4 Ba8 17.
Nf5 Re8 18. cxd5 $16 {Vogt-Neukirch, DDR-ch 72}) 8... O-O 9. Nbd2 {Einleitung
eines Spiels am Damenflügel, das nichts einbringt.} (9. Nc3 $10) 9... Nc6 10.
Rb1 Rb8 11. Qa4 Qc7 (11... Nd4 $6 12. Nxd4 Bxg2 13. Rxb8 Qxb8 14. Kxg2 cxd4 15.
Ba3 $14 {/\ Rb1}) 12. Nb3 d6 13. Bd2 Nd7 $1 14. Rfc1 $6 (14. Na5 Nb6 15. Qc2
$10) 14... Nb6 15. Qa3 Ba8 16. Na5 Qd7 17. Rb5 f5 18. Bc3 e5 19. Nxc6 Bxc6 20.
Ra5 $2 Nc8 $1 $17 21. Ne1 (21. Nd2 $5) 21... e4 22. Bh3 Bd8 23. Ra6 Bb6 24.
dxe4 Bxe4 25. Ba1 Bb7 26. Bg2 (26. Ra4) 26... Bxa6 27. Qxa6 Bd8 $19 {/\ Bf6}
28. Nd3 Nb6 29. Rd1 Bf6 30. Bxf6 Rxf6 31. Nf4 Qa4 32. Qxa4 Nxa4 33. h4 Kf8 34.
Bc6 Nc3 35. Rd3 Nxa2 36. Ra3 Nb4 37. Bd7 a6 38. Kg2 Rb7 39. Be6 g6 40. Bd5 Nxd5
41. Nxd5 Re6 42. Kf3 Ra7 43. e3 Re8 44. Nc3 Ree7 45. g4 fxg4+ 46. Kxg4 h5+ 47.
Kg5 Kg7 48. e4 Rf7 49. f4 Rae7 0-1

[Event "USA-ch"]
[Site "USA"]
[Date "1989.??.??"]
[Round "15"]
[White "Dzindzichashvili, Roman"]
[Black "Ivanov, Alexander"]
[Result "1/2-1/2"]
[WhiteElo "2545"]
[BlackElo "2460"]
[Annotator "Horn,Pe"]
[PlyCount "61"]
[EventDate "1989.11.??"]
[EventType "tourn"]
[EventRounds "15"]
[EventCountry "USA"]
[EventCategory "12"]
[SourceTitle "CBM 019"]
[Source "ChessBase"]
[SourceDate "1990.12.01"]
[SourceVersion "1"]
[SourceVersionDate "1990.12.01"]
[SourceQuality "1"]

1. Nf3 Nf6 2. g3 b5 {Von Spassky im WM-Kampf 1966 zu Ehren gebracht.} 3. c3 Bb7
(3... e6 4. a4 b4) 4. a4 b4 $5 {Neu und überraschend.} (4... a6 $14) 5. Bg2 {
glaubt dem Gegner die Korrektheit des Gambits.} (5. cxb4 e5 (5... Nc6 6. b5 Nd4
7. Bg2) 6. b5 e4 $44) 5... e5 6. d3 Na6 7. O-O d6 8. a5 Rb8 9. Be3 c5 10. Bg5
Be7 11. Bxf6 Bxf6 12. Nbd2 O-O 13. e4 g6 14. Nc4 d5 15. exd5 Bxd5 16. Qe2 (16.
Nfxe5 Bxc4 17. Nxc4 bxc3 18. bxc3 Bxc3) 16... bxc3 17. bxc3 Bxc4 18. dxc4 e4
19. Qxe4 Bxc3 20. Rad1 Qxa5 21. Rd7 Nc7 22. Ng5 (22. Bh3 $5) 22... Bf6 23. Nxh7
Kxh7 24. Qf4 Qb6 (24... Bd8 25. Rxf7+ Rxf7 26. Qxf7+ Kh8 27. Qf8+ Kh7 28. Rd1
$18) 25. Rxc7 Kg7 26. h4 Rfc8 27. Rd7 Rd8 28. Rfd1 Qe6 29. Qc7 Rxd7 30. Rxd7
Rb2 31. Qc6 1/2-1/2

[Event "WchT 2nd"]
[Site "Luzern"]
[Date "1989.??.??"]
[Round "5.2"]
[White "Hamdouchi, Hicham"]
[Black "Rodriguez Cespedes, Amador"]
[Result "1/2-1/2"]
[WhiteElo "2385"]
[BlackElo "2505"]
[Annotator "Horn,Pe"]
[PlyCount "120"]
[EventDate "1989.10.27"]
[EventType "team-tourn"]
[EventRounds "9"]
[EventCountry "SUI"]
[SourceTitle "CBM 016"]
[Source "ChessBase"]
[SourceDate "1990.06.01"]
[SourceVersion "1"]
[SourceVersionDate "1990.06.01"]
[SourceQuality "1"]
[WhiteTeam "Africa"]
[BlackTeam "Cuba"]
[BlackTeamCountry "CUB"]

1. Nf3 Nf6 2. g3 b6 3. Bg2 Bb7 4. O-O e6 5. d3 d5 6. e4 dxe4 7. Nfd2 {N} (7.
Ng5 h6 8. Nxe4 Nxe4 9. Bxe4 Bxe4 10. dxe4 Qxd1 11. Rxd1 $10) 7... c5 8. Nc3 Nc6
9. Ndxe4 Be7 10. Nxf6+ Bxf6 11. Ne4 Be7 (11... O-O) 12. Qg4 g6 (12... O-O $4
13. Bh6) 13. Ng5 Qd7 14. Re1 $4 Nd4 $19 15. Bxb7 Qxb7 16. c3 h5 (16... Nc2 $1
17. Re2 (17. Rxe6 Nxa1 18. Qe4 Qxe4 19. Rxe4 Kf8) 17... Nxa1 18. Nxf7 (18. Nxe6
fxe6 19. Qxe6 Rd8 20. Bg5 Rd7) 18... Kxf7 19. Qxe6+ Kg7 20. Qe5+ Bf6 21. Bh6+
Kxh6 22. Qxf6 Rhe8) 17. Qd1 Bxg5 18. cxd4 Bxc1 19. Rxc1 cxd4 20. Qa4+ Qd7 21.
Qxd7+ Kxd7 22. Re4 Rac8 23. Rxd4+ Ke7 24. Rdc4 Rxc4 25. Rxc4 Rd8 26. Rc3 $15
Rd5 27. Rc7+ Rd7 28. Rxd7+ Kxd7 29. f4 Kd6 30. Kf2 Kd5 31. Ke3 b5 32. a3 a5 33.
b3 a4 34. b4 f6 35. h3 g5 36. h4 g4 37. d4 Kc4 38. Ke4 Kb3 39. f5 exf5+ 40.
Kxf5 Kxa3 41. d5 Kxb4 42. d6 a3 43. d7 a2 44. d8=Q a1=Q 45. Qd6+ Kc4 46. Qc6+
Kd3 47. Qxb5+ Ke3 48. Kg6 Qe5 49. Qxe5+ fxe5 50. Kxh5 Kf3 51. Kg5 e4 52. h5 e3
53. h6 e2 54. h7 e1=Q 55. h8=Q Qd2+ 56. Kg6 Qd6+ 57. Kh5 Qd5+ 58. Kh4 Qd6 59.
Qc3+ Kf2 60. Qc2+ Kf3 1/2-1/2

[Event "Valby K41"]
[Site "Valby"]
[Date "1991.??.??"]
[Round "3"]
[White "Larsen, Bent"]
[Black "Greger, Roland"]
[Result "1-0"]
[WhiteElo "2525"]
[BlackElo "2370"]
[Annotator "Horn,Pe"]
[PlyCount "79"]
[EventDate "1991.09.??"]
[EventType "tourn"]
[EventRounds "9"]
[EventCountry "DEN"]
[EventCategory "10"]
[SourceTitle "CBM 027"]
[Source "ChessBase"]
[SourceDate "1992.04.01"]
[SourceVersion "1"]
[SourceVersionDate "1992.04.01"]
[SourceQuality "1"]

1. Nf3 Nf6 2. g3 b5 3. Bg2 Bb7 4. O-O e6 5. b3 Be7 6. c4 bxc4 7. bxc4 c5 8. Nc3
(8. d3 O-O 9. Nbd2 Nc6 10. Rb1 Rb8 $10 {Damljanovic-Agdestein, Belgrad 1987})
8... Nc6 {N} (8... O-O 9. Rb1 Bc6 10. Bb2 d6 11. e3 Nbd7 12. d4 Nb6 13. Qe2 $13
{Vogt-Neukirch, DDR-ch 1972}) 9. Rb1 Rb8 10. d3 O-O 11. Bf4 $5 d6 12. Qa4 {
/\ Rxb7} Nb4 (12... Qc8 13. Nb5) (12... Qd7 13. Nb5 (13. Nd2 Ba8 $14) 13... Ba8
) 13. a3 (13. Qxa7 Ra8 14. Qxb7 Rb8 15. Qa7 Ra8 $10) 13... Bc6 14. Qd1 Na6 15.
Rxb8 Qxb8 16. Qc2 {/\ Rb1} e5 $2 {schwächt die weißen Felder} (16... Nc7 17.
Rb1 Qa8 {/\ Rb8=} 18. Nb5 (18. e4 e5 (18... Rb8 19. Rxb8+ Qxb8 20. e5 Nfe8 21.
exd6 Bxd6 22. Bxd6 Nxd6 23. Ne5 Bxg2 24. Kxg2 Qb7+ 25. Kg1 $14) 19. Bg5 Rb8 $10
) (18. Qb3 Nd7 {/\ Rb8=}) 18... Nxb5 19. cxb5 Bb7 20. a4 Nd5 21. Bd2 a5 $132)
17. Bg5 $1 {><d5,e4} Qa8 18. Nh4 Bxg2 19. Nxg2 {/\ Ne3-d5} Nc7 20. Ne3 Ne6 21.
Bxf6 Bxf6 22. Ned5 Bd8 23. Qa4 Bb6 24. f4 exf4 25. gxf4 Qe8 26. Qxe8 Rxe8 27.
Rb1 f5 28. Kf2 Ba5 29. Nb5 Nd4 30. Nxd4 cxd4 31. Rb7 Bd8 32. Rxa7 Bh4+ 33. Kf3
Kf8 34. a4 Rb8 35. Nc7 Bf6 36. Nb5 Re8 37. Nxd6 Re3+ 38. Kf2 Bh4+ 39. Kf1 g6
40. c5 1-0

[Event "Pamplona 9091 1st"]
[Site "Pamplona"]
[Date "1990.??.??"]
[Round "?"]
[White "Todorcevic, Miodrag"]
[Black "Gomez Esteban, Juan Mario"]
[Result "1-0"]
[WhiteElo "2540"]
[BlackElo "2415"]
[Annotator "Horn,Pe"]
[PlyCount "85"]
[EventDate "1990.12.??"]
[EventType "tourn"]
[EventRounds "9"]
[EventCountry "ESP"]
[EventCategory "12"]
[SourceTitle "CBM 021"]
[Source "ChessBase"]
[SourceDate "1991.04.01"]
[SourceVersion "1"]
[SourceVersionDate "1991.04.01"]
[SourceQuality "1"]

1. Nf3 Nf6 2. g3 b6 3. Bg2 Bb7 4. d3 g6 5. e4 d6 6. O-O Bg7 7. Re1 O-O 8. c3 e5
9. Nbd2 c6 $6 10. d4 $14 Qc7 11. a4 Nbd7 12. Qc2 a5 13. dxe5 dxe5 14. Nc4 Ba6
15. Bf1 Rfe8 16. b4 Bf8 17. Qb3 axb4 $6 (17... h6 $14) 18. cxb4 (18. Ng5 $2 Nc5
) 18... b5 19. axb5 Bxb5 20. Rxa8 Rxa8 21. Ng5 $1 $16 Qa7 {/\ Qa2} 22. Na5 (22.
Nd6 $2 Bxd6 23. Qxf7+ Kh8 24. Ne6 Bf8) 22... Bxb4 $2 (22... Nb6 23. Bxb5 cxb5
24. Bb2 $16) 23. Qxf7+ Kh8 24. Ne6 Bf8 25. Bg5 Qxa5 (25... Ng8 26. Bxb5 cxb5
27. Nc6 $18) 26. Bxf6+ Nxf6 27. Qxf6+ Kg8 28. Rd1 {/\ Rd7} Qa7 29. Bxb5 cxb5
30. Qxe5 $18 Re8 31. Rd8 Rxd8 32. Nxd8 b4 33. Qd5+ Kh8 34. Ne6 Qe7 35. h4 h5
36. e5 Bh6 37. Kg2 Kh7 38. Nc5 Bf8 39. Ne4 Bg7 40. e6 Qc7 41. Qd7 Qc4 42. Ng5+
Kh6 43. e7 1-0

[Event "Rimavska Sobota"]
[Site "Rimavska Sobota"]
[Date "1991.??.??"]
[Round "9"]
[White "Poley, Vladimir"]
[Black "Fries Nielsen, Jens Ove"]
[Result "0-1"]
[WhiteElo "2445"]
[BlackElo "2415"]
[Annotator "Horn,Pe"]
[PlyCount "116"]
[EventDate "1991.05.??"]
[EventType "tourn"]
[EventRounds "13"]
[EventCountry "CSR"]
[EventCategory "9"]
[SourceTitle "CBM 024"]
[Source "ChessBase"]
[SourceDate "1991.10.01"]
[SourceVersion "1"]
[SourceVersionDate "1991.10.01"]
[SourceQuality "1"]

1. Nf3 Nf6 2. g3 g6 3. b4 c6 4. Bb2 a5 5. a3 axb4 6. axb4 Rxa1 7. Bxa1 Qb6 8.
c3 Bg7 9. Bg2 O-O 10. O-O d5 11. d3 Bg4 12. Nbd2 Nbd7 13. Qa4 e5 14. h3 $6 (14.
e4 Qc7 15. c4 dxe4 16. dxe4 Rb8 17. Qc2 h6 18. h3 Be6 19. Bc3 Ra8 20. Ra1 Rxa1+
21. Bxa1 $10 {Balashov-Khalifman, Lvov zt 1990}) 14... Bxf3 15. Bxf3 Bh6 16.
Qa2 {N} (16. Nb3 $2 e4 17. Bg2 Qc7 18. Qa7 Nh5 19. dxe4 dxe4 20. c4 e3 $17 {
Chechelian-Baikov, Moskau-ch 74}) 16... Rd8 17. Rb1 Re8 18. e4 $14 Qd8 19. Nb3
Qc8 20. Kg2 Nf8 21. h4 dxe4 22. dxe4 Ne6 23. Qe2 Bg7 24. Qe3 h5 25. Bb2 Ng4 26.
Qb6 Nf6 27. Na5 Re7 28. Rd1 Kh7 29. Bc1 Bh6 30. Bxh6 Kxh6 31. Nc4 Qb8 32. Rd6
Kg7 33. b5 cxb5 34. Qxb5 $2 (34. Nxe5) 34... Rc7 35. Qxe5 $4 (35. Rd3) 35...
Rc5 $1 $19 (35... Rxc4 36. Rxe6 Qxe5 37. Rxe5 Rxc3 38. Rb5 Rc7 39. e5) 36. Rd5
Qxe5 37. Nxe5 Nxd5 38. exd5 Nf8 39. Be4 f6 40. Nd3 Rc4 41. Bf3 Rxc3 42. Nf4 b5
43. d6 b4 44. Nd5 Rc4 45. Ne3 Rc8 46. Bd5 Rc3 47. Nc4 b3 48. Kf1 Rc1+ 49. Kg2
Rc2 50. Na3 Rd2 51. Be4 Rxd6 52. Kf3 f5 53. Bb1 Ne6 54. Ke3 Nc5 55. Nb5 Rd1 56.
Nc3 Rg1 57. Kd4 Ne4 58. Nxe4 fxe4 0-1

[Event "Rubinstein Memorial"]
[Site "Polanica Zdroj"]
[Date "1992.??.??"]
[Round "2"]
[White "Romanishin, Oleg M"]
[Black "Kaminski, Marcin"]
[Result "1-0"]
[WhiteElo "2555"]
[BlackElo "2440"]
[Annotator "Horn,Pe"]
[PlyCount "75"]
[EventDate "1992.08.??"]
[EventType "tourn"]
[EventRounds "11"]
[EventCountry "POL"]
[EventCategory "12"]
[SourceTitle "CBM 031"]
[Source "ChessBase"]
[SourceDate "1992.12.01"]
[SourceVersion "1"]
[SourceVersionDate "1992.12.01"]
[SourceQuality "1"]

1. e4 c5 2. Nf3 d6 3. c3 Nf6 4. g3 Nc6 5. d3 g6 6. Bg2 Bg7 7. O-O O-O 8. Na3 $5
{hier neu, aber mit Pe6/Ne7 statt Pe7/Nf6 schon gespielt} (8. Nbd2) (8. a3)
8... Rb8 {Standardplan wie im geschlossenen Sizilianer: /\ b5-b4} 9. Nc2 b5 10.
Re1 {/\ d4} b4 11. cxb4 $1 Nxb4 (11... cxb4 12. d4 $14) 12. d4 Nd7 $6 (12...
Nxc2 $5 13. Qxc2 cxd4 14. Nxd4 Bb7 $13) 13. Be3 Ba6 $2 (13... a5 14. dxc5 Nxc5)
14. Nxb4 Rxb4 (14... cxb4 15. Qa4 $16) 15. b3 cxd4 16. Nxd4 {><c6} Ne5 17. Qd2
$1 $16 Rb7 18. h3 Rc7 19. Red1 Qb8 20. Qa5 Qb6 21. Qa4 Qb7 22. Rac1 Rxc1 23.
Rxc1 Nd3 (23... Rc8 24. Rxc8+ Qxc8 25. Nb5 $1 $16) 24. e5 $1 d5 25. Rc6 Nb4 26.
Rc5 Bxe5 27. a3 Nd3 28. Rxd5 Ne1 29. Bh1 Bxd4 30. Qxd4 Nc2 (30... Qxb3 31. Bh6
$18) 31. Qxa7 Nxe3 32. Qxe3 Qc8 33. Bg2 Qc2 34. Rc5 Qd1+ 35. Kh2 e6 36. b4 Be2
37. b5 Rb8 38. a4 1-0

[Event "EU-Cup 15th final"]
[Site "Bugojno"]
[Date "1999.10.29"]
[Round "1"]
[White "Mikhalevski, Victor"]
[Black "Yemelin, Vasily"]
[Result "0-1"]
[WhiteElo "2516"]
[BlackElo "2500"]
[Annotator "Horn,Pe"]
[PlyCount "78"]
[EventDate "1999.10.29"]
[EventType "team-k.o."]
[EventRounds "3"]
[EventCountry "BIH"]
[SourceTitle "EXT 2020"]
[Source "ChessBase"]
[SourceDate "2019.10.17"]
[SourceVersion "1"]
[SourceVersionDate "2019.10.17"]
[SourceQuality "1"]
[WhiteTeam "Beer-Sheva Chess Club"]
[BlackTeam "St Petersburg"]
[WhiteTeamCountry "ISR"]
[BlackTeamCountry "RUS"]

1. Nf3 Nf6 2. g3 b6 3. Bg2 Bb7 4. O-O e6 5. d3 d5 6. Nbd2 Bc5 7. e4 dxe4 8. Ng5
Nbd7 9. Ngxe4 Nxe4 10. Nxe4 O-O {N Schwarz zieht es vor, die Entwicklung zu
vollenden, statt sich um das L�uferpaar zu sorgen.} (10... Qc8 11. Qg4 (11.
Nxc5 Nxc5 12. Qg4 g6 13. Qd4 $36 {Gross,D-Pajeken,W/Hamburg 1999}) 11... Bf8
12. Qh5 $6 g6 13. Qe2 Bg7 14. h4 h5 15. Bh3 O-O 16. g4 $2 hxg4 17. Qxg4 f5 {
-+ Bogdan,D-Podgurkii,S/Bucharest 1994}) 11. d4 Be7 12. Nf6+ Nxf6 13. Bxb7 {+=}
Rb8 14. Bg2 Qd7 15. c3 a5 16. Qe2 b5 17. a4 b4 18. Bg5 Rb6 (18... h6 19. Be3)
19. Qe5 Ra6 20. Qb5 Qxb5 21. axb5 Ra7 22. Ra4 (22. cxb4 Bxb4 23. Bxf6 gxf6 24.
Rfc1 {+= Wegen der ungleichen L�ufer besteht eine hohe Remistendenz.}) 22...
Rb8 23. c4 h6 24. Be3 Nd7 25. Rfa1 (25. d5 Nb6 (25... Bc5 26. dxe6 fxe6 27. Bc6
Bxe3 28. Bxd7 {+=}) 26. Bxb6 cxb6 27. dxe6 fxe6 28. Bh3 {+=}) (25. c5 e5 $1
$132) 25... Nb6 26. b3 $1 (26. Rxa5 Rxa5 27. Rxa5 Nxc4 28. Ra7 Nxb2 $132) 26...
Nxa4 27. Rxa4 Rd8 28. Bc6 Bf6 29. d5 exd5 30. cxd5 (30. Bxa7 dxc4 31. bxc4 b3
32. Be4 Re8 33. Bd3 Rd8 {=}) 30... Raa8 31. Bf4 $2 (31. b6 cxb6 32. Bxa8 Rxa8
33. Bxb6 Bd8 34. Bxd8 Rxd8 35. Rxa5 {+/-}) 31... Rac8 32. Rxa5 (32. Bb7 Rb8 33.
Bc6 {=}) 32... Bd4 33. Ra6 $6 (33. Ra4 g5 34. Rxb4 {~}) 33... g5 34. Bd2 Rd6 (
34... Bc3) 35. Bxb4 Rf6 36. Ra2 Rb8 37. Ba5 (37. Be7 $5) 37... Bb6 38. Bxb6
cxb6 39. Kg2 g4 {Vermutlich ist hier das Blatt gefallen; ansonsten gab es
keinen Grund f�r Wei�, zu resignieren.} (39... g4 40. h3 gxh3+ (40... h5
41. hxg4 hxg4 42. Ra7 {+/-} (42. Ra4 {+/-})) 41. Kxh3 {+=}) 0-1

[Event "Biel SKA"]
[Site "Biel"]
[Date "1991.??.??"]
[Round "5"]
[White "Shirov, Alexei"]
[Black "Andersson, Ulf"]
[Result "0-1"]
[WhiteElo "2610"]
[BlackElo "2625"]
[Annotator "Horn,Pe"]
[PlyCount "106"]
[EventDate "1991.07.??"]
[EventType "tourn"]
[EventRounds "14"]
[EventCountry "SUI"]
[EventCategory "15"]
[SourceTitle "CBM 025"]
[Source "ChessBase"]
[SourceDate "1991.12.01"]
[SourceVersion "1"]
[SourceVersionDate "1991.12.01"]
[SourceQuality "1"]

1. Nf3 c5 2. g3 g6 3. Bg2 Bg7 4. O-O Nf6 5. d3 Nc6 6. a3 {N} (6. e4) 6... O-O
7. c3 b6 8. b4 Bb7 9. Bb2 Qc7 10. Nbd2 d5 11. b5 Na5 12. c4 dxc4 13. Be5 $6 (
13. Nxc4 Nxc4 14. dxc4 Rad8) (13. dxc4 Rad8 14. Qc2 $10) 13... Qd7 $1 14. dxc4
(14. Nxc4 Qxb5 15. Rb1 Qa6 16. Qa4 Bc6) 14... Rad8 15. Bc3 (15. Qc2 Qe6) 15...
Ne4 $1 16. Bxa5 (16. Bxg7 Kxg7 17. Nxe4 Bxe4 $17) 16... bxa5 17. Nxe4 Bxe4 (
17... Bxa1 $2 18. Qxd7 Rxd7 19. Nxc5 Rc7 20. Nxb7 Rxb7 21. Rxa1 $18) 18. Qxd7
Rxd7 19. Rad1 Rfd8 20. Rxd7 Rxd7 21. Ne5 $1 Bxe5 22. Bxe4 Rd2 23. e3 e6 (23...
Ra2 24. Rd1 {/\ Rd7}) 24. f4 Bb2 25. Rf2 $6 (25. a4 Bc3 26. Rf2 $15) 25... Rd1+
26. Rf1 Rxf1+ 27. Kxf1 Bxa3 28. Ke2 Bc1 {/\ a4} (28... a4 $4 29. Bc2) 29. Bc2
f5 30. Kf3 Kf7 31. e4 fxe4+ 32. Kxe4 Kf6 33. Bd1 Bb2 34. Bc2 Bd4 35. Kf3 h6 36.
Bd1 g5 37. h3 Bc3 38. fxg5+ Kxg5 39. Ke4 Kf6 40. h4 $6 Be1 41. Kf4 (41. Kf3 $2
Ke5) 41... e5+ 42. Kf3 h5 43. g4 hxg4+ 44. Kxg4 Bxh4 $1 45. Kxh4 $2 (45. Bc2
Be1 46. Kf3 $15) 45... Kf5 $19 46. Kg3 (46. Bc2+ Kf4 47. Kh5 e4 48. Kg6 e3 49.
Bd1 a4 $19) 46... Ke4 47. Kf2 Kd3 48. Ke1 (48. Be2+ Kd2 {/\ a5-a4-a3-a2-a1Q})
48... Kxc4 49. Kd2 Kb4 50. Kc2 e4 51. Bg4 a4 52. Bf5 e3 53. Be6 c4 0-1

[Event "EU-chT (Men) 11th"]
[Site "Pula"]
[Date "1997.05.??"]
[Round "5.3"]
[White "Blatny, Pavel"]
[Black "Relange, Eloi"]
[Result "0-1"]
[WhiteElo "2540"]
[BlackElo "2480"]
[Annotator "Horn,Pe"]
[PlyCount "70"]
[EventDate "1997.05.05"]
[EventType "team-swiss"]
[EventRounds "9"]
[EventCountry "CRO"]
[SourceTitle "CBM 057 Extra"]
[Source "ChessBase"]
[SourceDate "1997.05.01"]
[SourceVersion "1"]
[SourceVersionDate "1997.05.01"]
[SourceQuality "1"]
[WhiteTeam "Czech Republic"]
[BlackTeam "France"]
[WhiteTeamCountry "CZE"]
[BlackTeamCountry "FRA"]

1. Nf3 Nf6 2. b3 c5 3. Bb2 Nc6 4. e3 g6 5. g3 d5 6. Bg2 Bg7 7. O-O O-O 8. d4 {
Es ist eine Art Damenbauernspiel entstanden, in dem Schwarz keine erkennbaren
Probleme hat.} cxd4 9. exd4 Bg4 10. Nbd2 b5 $15 {Schwarz hat Aussichten, am
Damenflügel eine Schwäche (Pc2) zu finden, während ein weißes Spiel nicht
erkennbar ist.} 11. h3 Bxf3 12. Nxf3 Qb6 13. Ne5 Rac8 14. Re1 e6 15. Nxc6 Rxc6
16. c3 a5 17. Rb1 Rfc8 18. Qd3 Ne8 {/\ Nd6} 19. h4 b4 {Der strategische
Schlüsselzug: es geht nicht (mehr) gegen den Pc3, sondern der Pd4 wird seiner
Stütze beraubt. Mit Qb6, Bg7,Nf5 oder Nb5 geht es ihm mit vereinten Kräften an
den Kragen.} 20. c4 {Ein vergeblicher Versuch.} (20. Rbc1 Nd6 21. cxb4 Rxc1 22.
Rxc1 Rxc1+ 23. Bxc1 axb4 {[%csl Rd4] ist trostlos}) 20... dxc4 21. bxc4 Rxc4
22. d5 Rc2 23. Re2 Rxb2 24. Rbxb2 Bxb2 25. dxe6 Bd4 26. exf7+ Kxf7 27. Bd5+ Kg7
28. h5 Qf6 29. Qb5 Qd6 30. Bg2 Nf6 31. Qg5 Nxh5 32. Re7+ Kh8 33. Rf7 Qxg3 34.
Qh6 Ng7 35. Qd2 Qe5 0-1

[Event "Muenster"]
[Site "Muenster"]
[Date "1992.??.??"]
[Round "7"]
[White "Libeau, Rene"]
[Black "Emunds, Hans Georg"]
[Result "1-0"]
[WhiteElo "2420"]
[BlackElo "2315"]
[Annotator "Horn,Pe"]
[PlyCount "141"]
[EventDate "1992.07.??"]
[EventType "tourn"]
[EventRounds "11"]
[EventCountry "GER"]
[EventCategory "8"]
[SourceTitle "CBM 031"]
[Source "ChessBase"]
[SourceDate "1992.12.01"]
[SourceVersion "1"]
[SourceVersionDate "1992.12.01"]
[SourceQuality "1"]

1. Nf3 Nf6 2. g3 b5 3. Bg2 Bb7 4. O-O e6 5. d3 Be7 6. e4 O-O (6... d6) 7. e5 {N
} (7. Nd4 a6 8. Nb3 Nc6 {Bilek-Portisch, Magyarorszag 85} 9. d4 $14) (7. Nbd2)
(7. Re1) (7. a4) 7... Nd5 8. c4 bxc4 9. dxc4 Nb6 10. Qc2 Nc6 (10... d5 $2 11.
c5 $16) (10... d6) (10... c5 $5) 11. Bf4 d5 12. cxd5 (12. c5 Nd7 $17) 12... Nb4
13. Qd2 Qxd5 (13... Bxd5 14. a3 $14) (13... N4xd5 14. Bg5 Bxg5 15. Nxg5 Nc4 16.
Qd4) (13... N6xd5 $5 14. Bg5 Ba6 15. Rd1 c5) 14. Ne1 Qxd2 15. Nxd2 Bxg2 16.
Nxg2 Rfd8 17. Rfc1 N6d5 (17... Nd3 18. Rxc7 Nxf4 19. Nxf4 Rxd2 20. Rxe7 Rxb2
21. Rc1 $36) 18. Nf3 Nd3 19. Rc2 c5 (19... N3xf4 $1 20. Nxf4 Nxf4 21. gxf4 c5
$10) 20. Bd2 Rac8 (20... N5b4 21. Bxb4 cxb4 22. Rd1 $16) 21. Nge1 N5b4 22. Bxb4
Nxb4 $8 23. Rc4 Rd5 24. Rac1 {/\ a3,b4} Rcd8 (24... Nxa2 25. Ra1 Nb4 26. Rxa7
$16) 25. a3 Nd3 (25... Nc6 26. b4 Nxe5 27. Nxe5 Rxe5 28. bxc5 Rc8) 26. Nxd3
Rxd3 27. R1c3 g5 28. Rxd3 Rxd3 29. Kg2 Rb3 30. Rc2 g4 $2 (30... Kg7 $14) (30...
Rd3 $14) 31. Nd2 $16 Rd3 32. h3 h5 (32... gxh3+ 33. Kxh3 $16) 33. hxg4 hxg4 34.
Nc4 Rd5 35. Re2 {/\ Re4} Rd4 36. Na5 Bg5 $2 (36... Bf8 $16) 37. Nc6 Rd7 (37...
Ra4 $2 38. Rc2) 38. Rc2 Rb7 39. Rc4 $1 Kf8 (39... Rxb2 $4 40. Rxg4 $18) 40. b4
cxb4 41. axb4 Bd2 42. Rxg4 Rb5 43. Rd4 Bc3 44. Rc4 Bd2 (44... Bxe5 45. Nxa7 Rb7
46. Nc6) 45. f4 a5 46. bxa5 Bxa5 47. Nd4 Rd5 48. Kh3 Bb6 49. Nf3 Bd8 50. Rc6
Be7 51. Kg4 Rd3 52. Ng1 Bb4 53. Rc8+ Ke7 54. Nf3 Re3 55. Ng5 Be1 56. Rc7+ Ke8
57. Nxf7 Rxg3+ 58. Kh5 Bd2 59. Nd6+ Kd8 60. Rc8+ Kd7 61. Rf8 Rg1 62. Ne4 Be3
63. Rf7+ Kc6 64. Ng5 Rh1+ 65. Kg4 Rg1+ 66. Kf3 Rxg5 67. fxg5 Bxg5 68. Ke4 Bd8
69. Rg7 Bh4 70. Kf4 Bd8 71. Rh7 1-0